专名中所有字在其余县级行政区中均未出现的县级行政区 - Statistics

General Stats
  • This quiz has been taken 45 times
  • The average score is 25 of 53
Answer Stats
省级行政区 地级行政区 县级行政区 % Correct
广东省 广州市 番禺区
83%
江苏省 徐州市 沛县
80%
安徽省 黄山市 黟县
71%
安徽省 黄山市 歙县
69%
江苏省 淮安市 盱眙县
66%
山西省 阳泉市 盂县
63%
浙江省 杭州市 拱墅区
63%
湖北省 随州市 随县
63%
湖南省 长沙市 芙蓉区
63%
湖南省 株洲市 攸县
63%
河北省 张家口市 蔚县
60%
山东省 烟台市 芝罘区
60%
云南省 大理白族自治州 漾濞彝族自治县
60%
山西省 临汾市 隰县
57%
广西壮族自治区 梧州市 藤县
57%
四川省 宜宾市 珙县
57%
内蒙古自治区 通辽市 奈曼旗
54%
河南省 濮阳市 范县
54%
安徽省 滁州市 琅琊区
51%
重庆市 (直辖) 忠县
51%
四川省 成都市 邛崃市
51%
新疆维吾尔自治区 巴音郭楞蒙古自治州 且末县
51%
河北省 邯郸市 涉县
49%
西藏自治区 阿里地区 改则县
49%
河北省 承德市 围场满族蒙古族自治县
46%
河北省 保定市 蠡县
43%
山东省 菏泽市 单县
43%
河南省 开封市 杞县
43%
河南省 平顶山市 郏县
43%
湖北省 荆门市 掇刀区
43%
云南省 红河哈尼族彝族自治州 个旧市
43%
西藏自治区 那曲市 索县
43%
青海省 海东市 互助土族自治县
43%
山东省 聊城市 莘县
40%
河南省 鹤壁市 浚县
40%
湖北省 宜昌市 秭归县
40%
贵州省 黔西南布依族苗族自治州 册亨县
40%
陕西省 西安市 未央区
40%
新疆维吾尔自治区 巴音郭楞蒙古自治州 焉耆回族自治县
40%
陕西省 榆林市 佳县
37%
甘肃省 平凉市 崆峒区
37%
河北省 石家庄市 赵县
34%
河北省 邯郸市 磁县
34%
甘肃省 定西市 岷县
34%
河南省 安阳市 滑县
31%
河北省 沧州市 献县
29%
山东省 临沂市 费县
29%
陕西省 汉中市 勉县
29%
辽宁省 辽阳市 宏伟区
26%
湖北省 宜昌市 点军区
26%
广西壮族自治区 桂林市 叠彩区
26%
山西省 忻州市 代县
23%
河南省 焦作市 解放区
17%
No matching quizzes found
Score Distribution
Percent of People with Each Score
Percentile by Number Answered
Your Score History
You have not taken this quiz